Gares sur les lignes entre Laroche-Migennes et Avallon / Corbigny - Statistiques

Statistiques générales
  • Ce quiz a été pris 9 fois
  • Le résultat moyen est 9 sur 17
Statistiques - réponses
Embranchement Département Gare % Correct
0 (89) Avallon
89%
0 Yonne (89) Laroche - Migennes
89%
0 (89) Auxerre-Saint-Gervais
78%
1 Nièvre (58) Clamecy
67%
1 Nièvre (58) Corbigny
67%
0 (89) Monéteau - Gurgy
67%
0 (89) Vermenton
56%
0 (89) Chemilly - Appoigny
44%
1 (89) Mailly-la-Ville
44%
0 (89) Vincelles
44%
0 (89) Arcy-sur-Cure
33%
0 (89) Champs - Saint-Bris
33%
1 (89) Châtel-Censoir
33%
1 Yonne (89) Coulanges-sur-Yonne
33%
0 Yonne (89) Cravant - Bazarnes
33%
0 (89) Sermizelles - Vézelay
33%
1 (58) Flez-Cuzy - Tannay
22%
Aucun quiz correspondant
Distribution des résultats
% des personnes avec chaque résultat
Percentile par nombre de réponses
Votre historique - résultats
Vous n’avez pas pris ce quiz